| 000 | 00777nam a2200205 a 4500 | ||
|---|---|---|---|
| 005 | 20230527063606.0 | ||
| 008 | 991125s1975 es 000 0 spa u | ||
| 020 | _a8436904117 | ||
| 035 | _aUPN01000000012 | ||
| 049 | _aCG | ||
| 050 | 4 |
_aLB1117 _bS5.3 1975 |
|
| 111 | 2 |
_aSymposium sobre Aprendizaje y Modificación de Conducta en Ambientes Educativos _n(1o : _d1975 : _cMadrid) |
|
| 245 | 1 | 0 |
_a1er. Symposium sobre aprendizaje y modificación de conducta en ambientes educativos / _cdir. técnico V. Pelechano. |
| 260 |
_aMadrid : _bMinisterio de Educación y Ciencia, Instituto Nacional de Ciencias de la Educación, _c1975. |
||
| 300 | _a271 p. | ||
| 650 | 4 |
_aConducta de vida _94416 |
|
| 650 | 4 |
_aPsicología educativa _95197 |
|
| 700 | 1 |
_aPelechano, V., _edir. |
|
| 905 | _aLibro | ||
| 999 |
_c12 _d12 |
||